书目信息 |
| 题名: |
天体光谱数据挖掘与分析
|
|
| 作者: | 杨海峰 著 | |
| 分册: | ||
| 出版信息: | 北京 电子工业出版社 2016.12 |
|
| 页数: | 166页 | |
| 开本: | 24cm | |
| 丛书名: | ||
| 单 册: | ||
| 中图分类: | P141.5 | |
| 科图分类: | ||
| 主题词: | 天体--光谱学--数据采集--研究 | |
| 电子资源: | ||
| ISBN: | 978-7-121-30768-3 | |
| 000 | 00949nam0 2200229 450 | |
| 001 | 3724 | |
| 005 | 20181008135249.07 | |
| 010 | @a978-7-121-30768-3@dCNY49.00 | |
| 100 | @a20170328d2016 em y0chiy50 ea | |
| 101 | 0 | @achi |
| 102 | @aCN@b110000 | |
| 105 | @aa z 000yy | |
| 200 | 1 | @a天体光谱数据挖掘与分析@9tian ti guang pu shu ju wa jue yu fen xi@f杨海峰著 |
| 210 | @a北京@c电子工业出版社@d2016.12 | |
| 215 | @a166页@c图@d24cm | |
| 330 | @a本书以河外星系和恒星光谱为研究背景,针对天文学研究中稀有天体的特征分析以及天体光谱的分类等任务,将新兴的数据挖掘技术应用到天体光谱规律的发现和研究中,并从天文物理学角度对挖掘结果进一步分析。主要包括稀有、稀有天体的挖掘与分析,光谱分类及后处理方法两个方面的内容。 | |
| 510 | 1 | @aData mining and analysis on celestial spectra@zeng |
| 606 | 0 | @a天体@x光谱学@x数据采集@x研究 |
| 690 | @aP141.5@v5 | |
| 701 | 0 | @a杨海峰@9yang hai feng@4著 |
| 801 | 0 | @aCN@b91MARC@c20170328 |
| 905 | @aMuseLib@dP141.5@e270 | |
| 天体光谱数据挖掘与分析/杨海峰著.-北京:电子工业出版社,2016.12 |
| 166页:图;24cm |
| ISBN 978-7-121-30768-3:CNY49.00 |
| 本书以河外星系和恒星光谱为研究背景,针对天文学研究中稀有天体的特征分析以及天体光谱的分类等任务,将新兴的数据挖掘技术应用到天体光谱规律的发现和研究中,并从天文物理学角度对挖掘结果进一步分析。主要包括稀有、稀有天体的挖掘与分析,光谱分类及后处理方法两个方面的内容。 |
| ● |
| 相关链接 |
|
|
|
|
正题名:天体光谱数据挖掘与分析
索取号:P141.5/270
 
预约/预借
| 序号 | 登录号 | 条形码 | 馆藏地/架位号 | 状态 | 备注 |
| 1 | 1123412 | 211234127 | 第二样本阅览室/ [索取号:P141.5/270] | 在馆 | |
| 2 | 1123413 | 211234136 | 第三借阅区/ [索取号:P141.5/270] | 在馆 | |
| 3 | 1123414 | 211234145 | 第三借阅区/ [索取号:P141.5/270] | 在馆 | |
| 4 | 1123415 | 211234154 | 第三借阅区/ [索取号:P141.5/270] | 在馆 | |
| 5 | 1123416 | 211234163 | 密集书库-数信学院/ [索取号:P141.5/270] | 在馆 |